|
|
|
|
| LEADER |
00642nam a22002052a 4500 |
| 001 |
000134905 |
| 003 |
CZ BrMZK |
| 005 |
20140724134902.0 |
| 007 |
ta |
| 008 |
950101s1954 xxk f ||| | eng d |
| 040 |
|
|
|a BOA001
|b cze
|
| 041 |
1 |
|
|a eng
|h ger
|
| 100 |
1 |
|
|a Jungk, Robert,
|d 1913-1994
|7 skuk0003313
|4 aut
|
| 245 |
1 |
0 |
|a Tomorrow is already here :
|b scenes from a man-made world /
|c Robert Jungk
|
| 260 |
|
|
|a London :
|b Rup. Hart-Davis,
|c 1954
|
| 300 |
|
|
|a 239 s.
|
| 500 |
|
|
|a Přeloženo z němčiny
|
| 910 |
|
|
|a BOA001
|b 2-0486.025
|
| 990 |
|
|
|a BK
|
| 996 |
7 |
|
|b 2619958349
|c 2-0486.025
|l MZK
|r Sklad / do 24 hodin
|n 4
|w 000134905
|u 000010
|a 1
|e BOA001
|j MZK50
|s A
|